000 00430nam a2200157Ia 4500
008 240729s9999 xx 000 0 und d
022 _a2504-3145
245 0 _aPortuguese Journal of Public Health
260 _aSwitzerland
260 _bKarger Publishers
650 _a Public aspects of medicine
650 _aMedicine
856 _uhttps://doaj.org/toc/1d5d78f7caf94d0f8ba9d70fe046fc2d
942 _2ddc
942 _cDOAJEJ
999 _c73927
_d73927
945 _a1
_bMadushi Gamage
_c1
_dMadushi Gamage